Fundamentals of physics (Record no. 170819)

000 -LEADER
fixed length control field 00388nam a2200145Ia 4500
008 - FIXED-LENGTH DATA ELEMENTS--GENERAL INFORMATION
fixed length control field 220217s9999||||xx |||||||||||||| ||und||
020 ## - INTERNATIONAL STANDARD BOOK NUMBER
International Standard Book Number 9971-51-330-7
082 ## - DEWEY DECIMAL CLASSIFICATION NUMBER
Classification number 539 HAL
100 ## - MAIN ENTRY--PERSONAL NAME
Personal name Halliday, David Resnick, Robert. Etal
9 (RLIN) 3095
245 #0 - TITLE STATEMENT
Title Fundamentals of physics
250 ## - EDITION STATEMENT
Edition statement 6th
260 ## - PUBLICATION, DISTRIBUTION, ETC.
Place of publication, distribution, etc. John wiley and sons
Name of publisher, distributor, etc. New York
Date of publication, distribution, etc. 2002
300 ## - PHYSICAL DESCRIPTION
Other physical details 475
650 ## - SUBJECT ADDED ENTRY--TOPICAL TERM
Topical term or geographic name entry element PHYSICS
Holdings
Withdrawn status Lost status Damaged status Not for loan Collection code Home library Current library Shelving location Date acquired Total Checkouts Full call number Barcode Date due Date last seen Date last checked out Price effective from Koha item type
        Humanity Science Central Library Central Library Book Cart 02/18/2022 1 539 HAL 6008 03/24/2023 03/24/2022 03/24/2022 02/18/2022 Books

Powered by Koha